000 00766nam a2200229 a 4500
001 000022806
005 20200930021816.0
008 101118s1973 mx r 000 0 spa d
040 _aDO-SdBNP
_bspa
_cBNPHU
082 _a320.973
_bD668q
100 1 _aDomhoff, G. William.
_946850
245 1 1 _a¿Quién gobierna Estados Unidos? /
_cG. William Domhoff ; traducción de Carlos Gerhard.
250 _a5ta ed.
260 _aMéxico, D. F. :
_bSiglo Veintiuno,
_c1973.
300 _a250 p. ;
_c18 cm.
490 1 _aSociología y política
651 4 _aEstados Unidos
_zPolítica Y Gobierno
_946851
651 4 _aEstados Unidos
_zCondiciones Económicas
_946852
700 1 _aGerhard, Carlos,
_etr.
_95131
830 0 _aSociología y política
_917789
049 _aBNGR
999 _c22303
_d22303